000 00420nam a22001697a 4500
005 20200314145743.0
008 200314b xxu||||| |||| 00| 0 eng d
020 _a9788123908941
041 _aeng
082 _a615.4
100 _aNAND, PRATIBHA
_95173
245 _aPHARMACEUTICAL DISPENSING
250 _a1'ST
260 _aDELHI
_bCBS PUBLICATION AND DISTRIBUTORS
_c2019
650 _aPHARMACY
_95175
942 _cBK
999 _c6095
_d6093